000
00325nam a2200133Ia 4500
008
191201s2004 xx 000 0 und d
100
_a
BENNETT, Ian (Ed.)
245
0
_a
Rugs and Carpets of The World
250
_a
1st.
260
_a
-
_b
Greenwich Edition
_c
2004
300
_a
352
650
_a
General Books
942
_2
ddc
_c
BK
999
_c
2477
_d
2477